00545nam a2200181 a 45000010010000000030011000100080041000210350026000620820016000881000019001042450021001232600061001446500021002059420012002269520090002389980020003289990015003480000-9137ELIB.Books110520 1992  a(ELIB.Books)0000-9289 a261.2 bBur aBurnett, David aUnearthly Powers bNashville: A Division Of Thomas Nelson Publishers c1992 aChristian Church 2ddccBK 00102ddc4070aKBTSbKBTSd2011-05-20l0p2925r2022-01-22 00:00:00w2022-01-22yBK cbate2011-05-20 c9137d9137